Quantitative methods for Management (Record no. 135552)

MARC details
000 -LEADER
fixed length control field 00498nam a22001817a 4500
003 - CONTROL NUMBER IDENTIFIER
control field OSt
005 - DATE AND TIME OF LATEST TRANSACTION
control field 20230223114407.0
008 - FIXED-LENGTH DATA ELEMENTS--GENERAL INFORMATION
fixed length control field 230223b |||||||| |||| 00| 0 eng d
020 ## - INTERNATIONAL STANDARD BOOK NUMBER
International Standard Book Number 978-93-272-8356-3
040 ## - CATALOGING SOURCE
Transcribing agency SBCL
082 ## - DEWEY DECIMAL CLASSIFICATION NUMBER
Classification number 658.04
Item number AGG-Q
100 ## - MAIN ENTRY--PERSONAL NAME
Personal name Aggarwal, B M
245 ## - TITLE STATEMENT
Title Quantitative methods for Management
260 ## - PUBLICATION, DISTRIBUTION, ETC.
Place of publication, distribution, etc. Ludhiana
Name of publisher, distributor, etc. Kalyani Publishers
Date of publication, distribution, etc. 2018
300 ## - PHYSICAL DESCRIPTION
Extent 390p.
650 ## - SUBJECT ADDED ENTRY--TOPICAL TERM
Topical term or geographic name entry element Management & auxiliary services
942 ## - ADDED ENTRY ELEMENTS (KOHA)
Koha item type BOOK BANK COLLECTION
650 ## - SUBJECT ADDED ENTRY--TOPICAL TERM
Source of heading or term Technology
Form subdivision General management
Holdings
Withdrawn status Lost status Source of classification or shelving scheme Damaged status Not for loan Home library Current library Date acquired Cost, normal purchase price Total Checkouts Full call number Barcode Shelving location Date last seen Price effective from Koha item type
    Dewey Decimal Classification     SB LIBRARY SB LIBRARY 23/02/2023 250.00   658.04 AGG-Q BB101 POST GRADUATE REFERENCE 23/02/2023 23/02/2023 BOOK BANK COLLECTION

Powered by Koha